| 000 | 00704nam a22002172 4500 | ||
|---|---|---|---|
| 001 | 0000007523 | ||
| 005 | 20151217145839.0 | ||
| 008 | 080212s xx 000 0 eng d | ||
| 020 |
_a0761974687 : _cKES |
||
| 040 |
_aKABU _cKABU |
||
| 100 | 1 |
_aCampbell, Anne. _@0000158783 |
|
| 245 | 1 | 0 |
_aPractitioner research and professional development in education / _cAnne Campbell, Olwen McNamara and Peter Gilroy. |
| 260 |
_aLondon : _bPaul Chapman, _c2004. |
||
| 300 | _axii, 226 p. | ||
| 650 | 0 |
_aEducation Research. _@0000158784 |
|
| 700 | 1 |
_aMcNamara, Olwen. _@0000158785 |
|
| 700 | 1 |
_aGilroy, Peter. _@0000158786 |
|
| 908 | _a080212 | ||
| 950 | _@1 | ||
| 999 |
_c3239 _d3239 |
||